00000000nam 2200000zi 4500
0019.947427
003CaOODSP
00520250303103444
006m     o  d f      
007cr |n|||||||||
008250127s1954    onca    ob   f000 0 eng d
040 |aCaOODSP|beng|erda|cCaOODSP
043 |an-cn-sn
0861 |aA52-291/1954E-PDF
0861 |zA51-69E-PDF
1001 |aStevenson, T. M., |eauthor.
24510|aForage Crops Division, Forage Crops Laboratory, Saskatoon, Saskatchewan : |bprogress report, 1949-1953 / |cT. M. Stevenson, W. J. White.
264 1|aOttawa, Canada : |bMinister of Agriculture, |c[1954]
300 |a1 online resource (43 pages) : |billustrations
336 |atext|btxt|2rdacontent
337 |acomputer|bc|2rdamedia
338 |aonline resource|bcr|2rdacarrier
500 |aDigitized edition from print [provided by Agriculture and Agri-Food Canada].
504 |aIncludes bibliographical references (pages 42-43).
61025|aForage Crops Laboratory (Saskatoon, Sask.)
650 0|aForage plants|xBreeding|zSaskatchewan|zSaskatoon.
650 6|aPlantes fourrageĢ€res|xAmélioration|zSaskatchewan|zSaskatoon.
650 0|aForage plants|xVarieties|zSaskatchewan|zSaskatoon|xTesting.
650 6|aPlantes fourrageĢ€res|xVariétés|zSaskatchewan|zSaskatoon|xEssais.
7102 |aForage Crops Laboratory (Saskatoon, Sask.), |eissuing body.
7101 |aCanada. |bForage Crops Division, |eissuing body.
7101 |aCanada. |bExperimental Farms Service, |eissuing body.
85640|qPDF|s9.15 MB|uhttps://publications.gc.ca/collections/collection_2024/aac-aafc/A51-69-1949-2-eng.pdf
986 |a5M-19290-1-55